000 00520nam a2200193Ia 4500
005 20250326141457.0
008 250326s9999 xx 000 0 und d
020 _a0-415-04989-X
037 _aTextbook
040 _aFMSL
_beng
_cFMSL
041 _aeng
_2eng
084 _aX9B.56 N1
_qFMSL
100 _aGoss David
_9293034
245 0 _aSmall business and society
_cGoss David
260 _aLondon
_bLondon, Routledge
_c1991
300 _a175p
942 _cTB
_hX9B.56 N1
999 _c1290487
_d1290487